Loading...
| Mythology | 0 | 4 | 1 | 1 | 35 | 58 | 82.75 | 0 | 0 |
| History - Other History | 0 | 3 | 0 | 0 | 30 | 55 | 62.67 | 0 | 1 |
| Fine Arts - Other Fine Arts | 0 | 3 | 0 | 1 | 30 | 93 | 102.00 | 0 | 0 |
| Religion | 0 | 2 | 0 | 1 | 20 | 102 | 108.00 | 0 | 1 |
| Philosophy | 0 | 2 | 0 | 2 | 20 | 95 | 102.00 | 0 | 0 |
| History - European History | 0 | 2 | 0 | 1 | 20 | 96 | 107.00 | 0 | 0 |
| Fine Arts - Classical Music | 0 | 3 | 2 | 2 | 20 | 50 | 86.33 | 1 | 1 |
| Literature - European Literature | 0 | 1 | 0 | 0 | 10 | 126 | 126.00 | 0 | 0 |
| Geography | 0 | 1 | 0 | 1 | 10 | 119 | 119.00 | 0 | 0 |
| Literature - British Literature | 0 | 1 | 0 | 0 | 10 | 61 | 61.00 | 0 | 0 |
| Painting/Sculpture | 0 | 1 | 0 | 0 | 10 | 77 | 77.00 | 0 | 0 |
| Pop Culture | 0 | 1 | 0 | 0 | 10 | 34 | 34.00 | 0 | 1 |
| History - World History | 0 | 1 | 1 | 1 | 5 | 72 | 72.00 | 0 | 1 |
| Science - Physics | 0 | 0 | 1 | 0 | -5 | 0.00 | 0 | 0 |